000 01222nam a2200217Ia 4500
003 Ost
005 20260507075648.0
008 260507s9999||||xx |||||||||||||| ||und||
040 _cfsecg
041 _aara
082 _a339
100 _aأبو السعود، محمد فوزي
_eمؤلف
245 0 _aمقدمة في الإقتصاد الكلي مع التطبيقات /
_c محمد فوزي أبو السعود
260 _aالإسكندرية:
_bالدار الجامعية,
_c2004
300 _a444 صفحة؛
_bإيضاحات ؛
_c24 سم
520 _aمقدمة في الحسابات القومية وتوازن الدخل القومي- أهم محددات الطلب الكلي- توازن الدخل القومي ومفهوم المضاعف- النقود والبنوك وأسواق المال- السياسات النقدية والمالية- التضخم والبطالة- نموذج التوازن الكلي- الطلب الكلي والعرض الكلي والسياسات الإقتصادية- التجارة الدولية- التنمية الإقتصادية.
653 _aالإقتصاد
653 _aالإقتصاد الكلي
653 _aالدخل القومي
942 _cكتاب
999 _c45533
_d45533